Nástroj na analýzu podozrivého JavaScript kódu

Na minha lista:
Detalhes bibliográficos
Autor principal: Brček, Tomáš (Author)
Outros Autores: Laštinec, Ján (Thesis advisor)
Formato: Manuscrito Livro
Idioma:eslovaco
Publicado em: 2025
Assuntos:
Acesso em linha:http://is.stuba.sk/zp/portal_zp.pl?podrobnosti=175236
Tags: Adicionar Tag
Sem tags, seja o primeiro a adicionar uma tag!

MARC

LEADER 00000ntm a22000003a 4500
001 stuzp102862
003 SK-STU
005 20250614211619.4
007 ta
008 150427s2015----xo-----f-mn---000-0-slo-d
040 |a STU  |b slo 
041 0 |a slo 
100 1 |a Brček, Tomáš  |u 070400  |4 aut  |U FIIT Fakulta informatiky a informačných technológií  |T FIIT Ústav počítačového inžinierstva a aplikovanej informatiky  |X 120761  |U I400  |Y 672  |7 120761 
242 0 1 |a A Tool for Analyzing Suspicious Javascript Code  |y eng 
245 1 0 |a Nástroj na analýzu podozrivého JavaScript kódu 
260 |c 2025 
650 4 |a library integrity  |2 eng 
650 4 |a website security  |2 eng 
650 4 |a JavaScript malware  |2 eng 
650 4 |a integrita knižníc  |2 slo 
650 4 |a bezpečnosť webových stránok  |2 slo 
650 4 |a JavaScript malvér  |2 slo 
700 1 |a Laštinec, Ján  |u 070300  |k Z3  |4 ths  |U FIIT Fakulta informatiky a informačných technológií  |T FIIT Ústav aplikovanej informatiky  |X 56214  |U I300  |Y 180  |7 A000056214 
856 4 |u http://is.stuba.sk/zp/portal_zp.pl?podrobnosti=175236